Los anarquistas /

Bibliographic Details
Main Authors: Lombroso, Cesare, 1835-1909 (Author), Mella, Ricardo, 1861-1925 (Author)
Other Authors: Agurto Gonzáles, Carlos Antonio (Editor), Quequejana Mamani, Sonia Lidia (Editor), Choque Cuenca, Benigno (Editor), Campo, Julio (Translator), España, Gabriel Ricardo (Translator)
Format: Electronic eBook
Language:Spanish
Italian
Published: Santiago de Chile : Ediciones Olejnik, [2022]
Series:Biblioteca de filosofía del derecho.
Subjects:
Online Access:Digitalia Hispánica

MARC

LEADER 00000nam a2200000 i 4500
001 DIGOLEJNK1224
003 NyNyDIG
007 cr |||||||||||
008 250408s2022 cl ob 000 0 spa d
006 m o d
035 |a (OCoLC)1427226491 
040 |a DGITA  |b eng  |e rda  |e pn  |c DGITA 
020 |z 9789564072159 
041 1 |a spa  |h ita 
050 1 4 |a HX833 ebook 
100 1 |a Lombroso, Cesare,  |d 1835-1909,  |e author. 
240 1 0 |a Anarchici.  |l Spanish  |s (Campo and España) 
245 1 4 |a Los anarquistas /  |c Cesare Lombroso, Ricardo Mella ; edición al cuidado de Carlos Antonio Agurto Gonzáles, Sonia Lidia Quequejana Mamani, Benigno Choque Cuenca ; traducción de Julio Campo y Gabriel Ricardo España. 
264 1 |a Santiago de Chile :  |b Ediciones Olejnik,  |c [2022] 
300 |a 1 online resource. 
336 |a text  |b txt  |2 rdacontent 
337 |a computer  |b c  |2 rdamedia 
338 |a online resource  |b cr  |2 rdacarrier 
347 |a text file  |2 rdaft 
347 |b PDF 
490 1 |a Biblioteca de filosofía del derecho 
504 |a Includes bibliographical references. 
588 0 |a Online resource; title from PDF title page (Digitalia, viewed April 8, 2025) 
650 0 |a Anarchists. 
700 1 |a Mella, Ricardo,  |d 1861-1925,  |e author. 
700 1 |a Agurto Gonzáles, Carlos Antonio,  |e editor. 
700 1 |a Quequejana Mamani, Sonia Lidia,  |e editor. 
700 1 |a Choque Cuenca, Benigno,  |e editor. 
700 1 |a Campo, Julio,  |e translator. 
700 1 |a España, Gabriel Ricardo,  |e translator. 
700 1 |i Translation of:  |a Lombroso, Cesare,  |d 1835-1909.  |t Anarchici. 
791 2 |a Digitalia (Firm),  |e distributor. 
793 0 |g Digitalia eBook Collection:  |a Ediciones Olejnik 
776 0 8 |i Print version:  |a Lombroso, Cesare, 1835-1909.  |s Anarchici. Spanish (Campo and España).  |t Anarquistas.  |b Primera Edición en Ediciones Olejnik.  |d Santiago de Chile : Ediciones Olejnik, [2022]  |z 9789564072159 
830 0 |a Biblioteca de filosofía del derecho. 
856 4 0 |3 Digitalia Hispánica  |u https://www.digitaliapublishing.com/a/157730/ 
910 |a Premium collection: 2025